Výroba tvarovo zložitej súčiastky frézovaním
Enregistré dans:
| Auteur principal: | |
|---|---|
| Autres auteurs: | |
| Format: | Manuscrit Livre |
| Langue: | slovaque |
| Publié: |
2023
|
| Sujets: | |
| Accès en ligne: | http://is.stuba.sk/zp/portal_zp.pl?podrobnosti=162013 |
| Tags: |
Pas de tags, Soyez le premier à ajouter un tag!
|
MARC
| LEADER | 00000ntm a22000003a 4500 | ||
|---|---|---|---|
| 001 | stuzp93712 | ||
| 003 | SK-STU | ||
| 005 | 20230909215840.5 | ||
| 007 | ta | ||
| 008 | 150427s2015----xo-----f-mn---000-0-slo-d | ||
| 040 | |a STU |b slo | ||
| 041 | 0 | |a slo | |
| 100 | 1 | |a Hipp, Lukáš |u 063000 |4 aut |U MTF Materiálovotechnologická fakulta |T MTF Ústav výrobných technológií |X 110270 |U M3000 |Y 83 |7 110270 | |
| 242 | 0 | 1 | |a Production of a component by milling |y eng |
| 245 | 1 | 0 | |a Výroba tvarovo zložitej súčiastky frézovaním |
| 260 | |c 2023 | ||
| 650 | 4 | |a technologický postup |2 slo | |
| 650 | 4 | |a výroba súčiastky |2 slo | |
| 650 | 4 | |a CAD/CAM program |2 slo | |
| 650 | 4 | |a NC kód |2 slo | |
| 650 | 4 | |a technological process |2 eng | |
| 650 | 4 | |a production of the part |2 eng | |
| 650 | 4 | |a CAD/CAM program |2 eng | |
| 650 | 4 | |a NC code |2 eng | |
| 700 | 1 | |a Jurina, František |u 063200 |k Z2 |4 ths |U MTF Ústav výrobných technológií |T MTF Katedra obrábania a počítačovej podpory technológií |X 46002 |U M3200 |Y 164 |7 A000046002 | |
| 856 | 4 | |u http://is.stuba.sk/zp/portal_zp.pl?podrobnosti=162013 | |
| 996 | |c M* BP-9575 |l MMSKP |s P |a 0 |w stuzp93712_0001 | ||